000 00500cam a2200193ua 4500
001 3825
008 170116n ii |||gr||||Z||||||asm
040 _cMAIN
041 _aasm
082 _a491.3
100 _aThakur, Nagen,
245 _aPali prakrit apabhramsa aru asamiya bhasa
_cby Nagen Thakur
250 _a1st.
260 _aGuwahati:
_bAssam book Depot,967.
300 _a120p:
_c23cm.
653 _aAssamese language
653 _aPali prakrit apabhramsa aru asamiya bhasa
942 _cBK
999 _c3649
_d3649